000 00330nam a2200133Ia 4500
005 20251222143240.0
008 251222s9999||||xx |||||||||||||| ||spa||
020 _a85-366-0441-7
082 _a868.909/P43
100 _aPereira, Helena Bonito Couto
245 0 _aIntermediacoes Literarias:
264 _bScortecci
942 _cLIB
999 _c14524
_d14524